000 00460nam a2200181Ia 4500
005 20240731070501.0
008 240331s9999 xx 000 0 und d
020 _a8185120390
082 _a291.5
_bCHA
100 _aChaithanya, K
245 4 _aThe Betrayal of Krishna :
_bvicissitudes of a great myth
260 _aNew Delhi
_bClarion Books
_c1991
300 _ax, 555 p .,
650 _aEconomic
650 _aDisarmament
650 _aEcology
942 _cL
999 _c864
_d864